01216nam a2200325Ia 4500001001200000003000800012006001900020007001500039008004100054020001500095020001800110040002100128035002100149050002300170245006400193246003600257246003800293260005600331300001900387533015200406650003800558650004100596650002500637650002300662655002900685710001600714710001700730856012600747999001700873ebr10231575CaPaEBRm u cr cn|||||||||080507s2008 dcua s 000 0 eng d z0821373862 z9780821373866 aCaPaEBRcCaPaEBR a(OCoLC)63702836914aHA155b.W67 2008eb00aWorld development indicators.n2008h[electronic resource].3 aWorld development indicators 083 a2008 World development indicators aWashington, D.C. :bWorld Bank Publications,c2008. a432 p. :bill. aElectronic reproduction.bPalo Alto, Calif. :cebrary,d2013.nAvailable via World Wide Web.nAccess may be limited to ebrary affiliated libraries. 0aEconomic developmentvStatistics. 0aEconomic historyy1990-vStatistics. 0aEconomic indicators. 0aSocial indicators. 7aElectronic books.2local2 aWorld Bank.2 aebrary, Inc.40uhttp://site.ebrary.com/lib/rucke/Doc?id=10231575zAn electronic book accessible through the World Wide Web; click to view c25588d25588